000 01330cab a2200505 4500
001 ABS59427
008 090401t1998 xxu||||| |||| 00| 0 eng d
035 _a(Sirsi) u89431
041 _aeng
245 _aFocus `98: M25 junctions 25-31
260 _c1998
350 _a0
490 _aEstates Gazette
_v(9843) 24 October 1998, 75-101(14)
650 _aBARKING
650 _aBRENTWOOD
650 _aCHELMSFORD
650 _aCHESHUNT
650 _aDAGENHAM
650 _aDISTRIBUTION CENTRES
650 _aENFIELD
650 _aGRAYS
650 _aHARLOW
650 _aHAVERING
650 _aHODDESTON
650 _aILFORD
650 _aINDUSTRIAL MARKET
650 _aLAKESIDE
650 _aLESIURE MARKET
650 _aM25
650 _aMIXED-USE DEVELOPMENTS
650 _aPROPERTY-COMMERCIAL PROPERTY-OFFICE PROPERTY-OFFICE PROPERTY MARKET
650 _aPLANNING POLICY
650 _aREDBRIDGE
650 _aPROPERTY-COMMERCIAL PROPERTY-RETAIL PROPERTY-RETAIL PROPERTY MARKET
650 _aROMFORD
650 _aTHURROCK
650 _aTILBURY
650 _aTRANSPORT POLICY
650 _aVACANCY LEVELS
650 _aWALTHAM ABBEY
650 _aWALTHAM POINT
690 _aPROPERTY-COMMERCIAL PROPERTY-COMMERCIAL PROPERTY MARKET
942 _n0
948 _c03/11/1998
999 _c56574
_d56574